LDR 00824naa#a2200205#i#450# 001 EN\\bibl\115385 005 20260429161547.3 011 ## _a1994-4683 100 ## _a20260429b2026####ek#y0engy0150####ca 102 ## _aRU 200 1# _aComparative analysis of competitive performance of Greco-Roman wrestlers at the 2025 Russian National Championship and the World Championship _eJournal article 210 1# _aMoscow _cNational State University of Physical Education, Sports and Health named after P.F. Lesgaft _d2026 215 ## _a4 с. 608 ## _aJournal article _2local 675 ## _aКлассическая борьба. 796.82 _z 700 #1 _aFedorov _gGrigoriy Pavlovich 700 #1 _aNerobeev _gNikolai Yurievich 700 #1 _aLevickiy _gAleksey Grigor'evich 700 #1 _aDenisenko _gAndrey Nikolaevich 856 4# _auchzapiski.lesgaft.spb.ru _u